Game of Thrones houses by characters - Statistics

General Stats
  • This quiz has been taken 95 times
  • The average score is 9 of 10
Answer Stats
Hint Answer % Correct
Stannis Baratheon
100%
Theon Greyjoy
100%
Jamie Lannister
100%
Bran Stark
100%
Jorah Mormont
98%
Daenerys Targaryen
96%
Obelyn Martell
92%
Roose Bolton
90%
Robin Arryn
83%
Mace Tyrell
71%
No matching quizzes found
Score Distribution
Percent of People with Each Score
Percentile by Number Answered
Your Score History
You have not taken this quiz